Estatísticas para Mais partidas Seleção da Espanha

Clique aqui para jogar o quiz

Estatísticas Gerais

  • Esse quiz foi jogado 56 vezes
  • A pontuação média é 6 de 10

Estatísticas das Respostas

JogosPeríodoJogador% Correto
1312006-2018Andrés Iniesta
95%
1332000-2014Xavi
95%
1802005-presenteSergio Ramos
88%
1422009-presenteSergio Busquets
80%
1672000-2016Iker Casillas
68%
1102003-2014Fernando Torres
59%
1142003-2014Xabi Alonso
41%
1252006-2018David Silva
37%
1102006-2016Cesc Fàbregas
27%
1261985-1998Andoni Zubizarreta
22%

Distribuição das Pontuações

Percentil de Números Respondidos

Porcentagem de Pessoas com Cada Pontuação

Sua Pontuação Histórica

Você não jogou esse quiz